Länder, die größer sind als Sizilien - Sudden Death - Statistiken

Allgemein
  • Dieses Quiz wurde 91 mal gespielt
  • Das Durchschnittsergebnis liegt bei 4 aus 10
Answers on the Grid
Answers color-coded by a green-red scale on the quiz's grid according to % correct below.
Montenegro🇲🇪
Kosovo🇽🇰
San Marino🇸🇲
Israel🇮🇱
Sardinien🏝🇮🇹
Osttimor🇹🇱
Korsika🏝🇨🇵
Luxemburg🇱🇺
Zypern🇨🇾
Niederlande🇳🇱
Slowenien🇸🇮
Albanien🇦🇱
Nordmazedonien🇲🇰
Belgien🇧🇪
Armenien🇦🇲
Schweiz🇨🇭
Moldau🇲🇩
Ruanda🇷🇼
Burundi🇧🇮
Haiti🇭🇹
 
Antwortstatistiken
Antwort % Korrekt
Niederlande🇳🇱
75%
Belgien🇧🇪
73%
Schweiz🇨🇭
67%
Armenien🇦🇲
42%
Albanien🇦🇱
35%
Moldau🇲🇩
35%
Nordmazedonien🇲🇰
20%
Ruanda🇷🇼
16%
Haiti🇭🇹
15%
Burundi🇧🇮
9%
Keine übereinstimmenden Quizze gefunden
Verteilung der Resultate
Anzahl Personen mit jedem Resultat
Perzentil nach korrekt beantworteten Fragen
Ihre Resultats-Entwicklung
Sie haben dieses Quiz noch nicht gespielt